MARC

LEADER 00000nam0a2200000 4500
001 300502
005 20231102001316.0
020 |a RU  |b 82-86636 
035 |a (RuTPU)RU\TPU\book\325655 
090 |a 300502 
100 |a 20150710d1982 k y0rusy5003 ca 
101 0 |a rus 
102 |a RU 
105 |a a z 000zy 
200 1 |a Кэмп-Дэвид : политика, обреченная на провал  |f А. М. Захаров, О. И. Фомин 
210 |a Москва  |c Международные отношения  |d 1982 
215 |a 271 с.  |c ил., 8 л. ил. 
225 1 |a Империализм: События. Факты. Документы 
606 |a Ближневосточный кризис  |2 stltpush  |3 (RuTPU)RU\TPU\subj\28841  |9 52314 
610 1 |a Кэмп-Дэвидские соглашения 
610 1 |a 20 век 
610 1 |a Ближний Восток 
610 1 |a международные отношения 
686 |a Ф4(0)38  |2 rubbk 
700 1 |a Захаров  |b А. М.  |g Андрей Михайлович 
701 1 |a Фомин  |b О. И.  |g Олег Иванович 
801 0 |a RU  |b RuMRKP  |c 19950704  |g psbo 
801 1 |a RU  |b 63413507  |c 20150710 
801 2 |a RU  |b 63413507  |c 20180213  |g RCR 
942 |c BK